|
|
|
|
| LEADER |
00955cam a2200229 7i4500 |
| 001 |
0000023699 |
| 005 |
20180424090000.0 |
| 008 |
080822 eng |
| 090 |
0 |
0 |
|a TK1081
|b .F37 2007
|
| 100 |
0 |
|
|a Farees Mohd
|
| 245 |
1 |
0 |
|a Fuzzy logic model on operation and control of hydropower dams in Malaysia
|c Farees bin Mohd.
|
| 260 |
|
|
|a Bestari Jaya, Selangor:
|b UNISEL,
|c 2007.
|
| 300 |
|
|
|a xi, 59 p.:
|b col. ill.;
|c 30 cm.
|
| 500 |
|
|
|a Please login MyLib (library.unisel.edu.my/web/guest/mylibrary - click eDocument)
|
| 502 |
|
|
|a Thesis (Bachelor of Engineering-Electrical), UNISEL, 2007
|
| 504 |
|
|
|a Includes bibliographical references and appendix
|
| 610 |
2 |
|
|a Universiti Industri Selangor
|
| 650 |
0 |
0 |
|a Hydropower dams --
|z Malaysia
|
| 650 |
0 |
0 |
|a Fuzzy logic model
|
| 997 |
|
|
|a Engineering, Faculty
|b Engineering, Department
|
| 998 |
|
|
|a Electrical Engineering, Degree
|
| 999 |
|
|
|a THE0000495
|b THESIS
|c THESIS
|e Thesis Room, Bestari Jaya
|